01266 a2200193 4500003000500000005001700005010001600022020002800038040000900066082001700075100001700092245012300109260005900232300003400291505060800325650003400933700001600967856008900983Nust20221223142839.0 a 00057982 a0849309352 (alk. paper) cNust00a621.3827,FRA1 aFranz, J. H.10aOptical communications components and systems :banalysis, design, optimization, application /cJ.H. Franz, V.K. Jain. aBoca Raton, FL :bCRC Press/Narosa Pub. House,cc2000. axvi, 717 p. :bill. ;c25 cm. aIntroduction (Page-1), Optical Sources And Transmitters (Page-11), Laser Noise (Page-45), Optical Fibers (Page-99), Polarization Fluctuations (Page-159), Optical Detectors And Receivers (Page-209), Optical Amplifiers (Page-245), Optical Network Components (Page-267), Fundamentals Of Optical Communication Systems (Page-329), Incoherent Systems:Analysis And Optimization (Page-381), Coherent Systems:Analysis And Optimization (Page-401), Systems Comparison, Applications And Physical Limits (Page-519), Fiber Link Design (Page-565), Optical Networks (Page-577), Optical Space Communications (Page-655).  0aTelecommunication engineering1 aJain, V. K.423Publisher descriptionuhttp://www.loc.gov/catdir/enhancements/fy0646/00057982-d.html